Decàleg d'hàbits saludables
Descripción Física:
1 tríptic ; il. col. ; 21 x 10
Idioma:
Catalán
MARC
| LEADER | 00000nam a22000007a 4500 | ||
|---|---|---|---|
| 001 | 26926 | ||
| 003 | Arxiu | ||
| 005 | 20260324181144.0 | ||
| 008 | 221116b spa||||| |||| 00| 0 cat d | ||
| 017 | |a B 6452-2015 | ||
| 245 | |a Decàleg d'hàbits saludables | ||
| 260 | |a Barcelona : |b Diputació de Barcelona. Servei de Salut Pública ; |c 2015 | ||
| 300 | |a 1 tríptic ; |b il. col. ; |c 21 x 10 | ||
| 650 | 0 | |a Hàbits saludables |x Barcelona (Catalunya : Província) |9 49599 | |
| 710 | |9 52202 |a Barcelona (Catalunya : Província). |b Servei de Salut Pública | ||
| 942 | |2 udc |c ARXIU |n 1 | ||
| 952 | |0 0 |1 0 |2 udc |4 0 |6 FU7326 |7 1 |9 64212 |a Arxiu |b Arxiu |d 2022-11-16 |l 0 |o FU-73-26 |p 26926 |r 2022-11-16 00:00:00 |w 2022-11-16 |y ARXIU | ||
| 999 | |c 82752 |d 82752 | ||